| 000 | 00470nam a2200133Ia 4500 | ||
|---|---|---|---|
| 008 | 200902s9999 xx 000 0 und d | ||
| 020 | _a978-971-513-349-4 | ||
| 100 | _aCalano, Roel B. | ||
| 245 |
_cRoel B. Calano, Fernando R. Del Rio.-- _aHealth informatics : _bAn Illustrative approach / |
||
| 250 | _a1st ed. | ||
| 260 |
_aPhilippnes _bAPD Educational Publishing House _c2017 |
||
| 300 |
_axxviii , 546 pages : _billustrations ; _c23 cm. |
||
| 650 | _aMedical informatics | ||
| 999 |
_c363943 _d363943 |
||